| Tag |
First Indicator |
Second Indicator |
Subfields |
| LEADER |
00000cam a2200000 a 4500 |
| 001 |
in00000095532 |
| 005 |
20150923173641.0 |
| 008 |
820609s1981 enka b 10100 eng |
| 010 |
|
|
|a 81165339
|
| 015 |
|
|
|a GB81-16107
|
| 020 |
|
|
|a 0903729628 :
|c 912.50
|
| 035 |
|
|
|a (OCoLC)07935276
|
| 035 |
|
|
|9 AAK8176AM
|
| 039 |
0 |
|
|a 2
|b 3
|c 3
|d 3
|e 3
|
| 040 |
|
|
|a DLC
|c DLC
|d TXA
|d UtOrBLW
|
| 043 |
|
|
|a ma-----
|
| 049 |
|
|
|a TXAM
|c [952327]
|
| 050 |
0 |
0 |
|a HD8038 A7
|b A7 1981
|
| 082 |
0 |
|
|a 331.12/791
|2 19
|
| 245 |
0 |
4 |
|a The Arab brain drain :
|b proceedings of a seminar organised by the Natural Resources, Science and Technology Division of the United Nations Economic Commission for Western Asia, Beirut 4-8 February 1980 /
|c edited by A.B. Zahlan.
|
| 264 |
|
1 |
|a London :
|b Published for the United Nations by Ithaca Press,
|c 1981.
|
| 300 |
|
|
|a 309 pages :
|b illustrations ;
|c 23 cm.
|
| 336 |
|
|
|a text
|b txt
|2 rdacontent
|
| 337 |
|
|
|a unmediated
|b n
|2 rdamedia
|
| 338 |
|
|
|a volume
|b nc
|2 rdacarrier
|
| 504 |
|
|
|a Includes bibliographical references and index.
|
| 650 |
|
0 |
|a Brain drain
|z Arab countries
|x Congresses.
|
| 650 |
|
0 |
|a Professions
|z Arab countries
|x Congresses.
|
| 650 |
|
0 |
|a Skilled labor
|z Arab countries
|x Congresses.
|
| 651 |
|
0 |
|a Arab countries
|x Emigration and immigration
|x Congresses.
|
| 700 |
1 |
|
|a Zahlan, A. B.
|q (Antoine Benjamin),
|d 1928-
|
| 710 |
2 |
|
|a United Nations.
|b Economic Commission for Western Asia.
|b Natural Resources, Science, and Technology Division.
|
| 999 |
|
|
|a MARS
|
| 999 |
f |
f |
|s a8363288-4217-3d92-99ef-275198208971
|i 8a9e0327-214e-3751-a405-6425f19b22bb
|t 0
|
| 952 |
f |
f |
|p ric
|a Texas A&M University
|b Rellis Campus
|c Joint Library Facility
|d Remote Storage
|t 0
|e HD8038 A7 A7 1981
|h Library of Congress classification
|i unmediated -- volume
|m A14806028312
|
| 998 |
f |
f |
|a HD8038 A7 A7 1981
|t 0
|l Remote Storage
|